000 01406cam a2200157 4500500
005 20260405085536.0
041 _afre
042 _adc
100 1 0 _aCrettiez, Xavier
_eauthor
700 1 0 _aHassenteufel, Patrick
_eauthor
700 1 0 _ade Maillard, Jacques
_eauthor
245 0 0 _aIntroduction à la science politique
260 _bArmand Colin,
_c2024.
520 _aL’organisation de l’État, la compétition électorale, l’action publique et son évaluation, les idéologies, les formes nouvelles et traditionnelles d’action collective… Ce manuel couvre de manière exhaustive les grands thèmes de la science politique et analyse leurs évolutions contemporaines. Son exigence pédagogique et la clarté de l’exposition du savoir en font un outil particulièrement adapté à l’élève ou l’étudiant soucieux de réussir ses examens mais aussi de s’ouvrir à la compréhension de l’univers politique contemporain. À la fin de chaque chapitre, des Entraînements entièrement corrigés permettent de s’exercer et tester ses connaissances. Rédigé par trois professeurs de science politique de l’Université de Versailles-Saint-Quentin et de Sciences-Po Saint-Germain-en-Laye, ce manuel constitue une excellente entrée dans la discipline.
856 4 1 _uhttps://shs.cairn.info/introduction-a-la-science-politique--9782200636289?lang=fr&redirect-ssocas=7080
999 _c2198380
_d2198380